Öröm több húron
Elmentve itt :
| Szerzők: | |
|---|---|
| Dokumentumtípus: | Cikk |
| Megjelent: |
1975-01-18
|
| Sorozat: | Délmagyarország
65 No. 15 |
| Kulcsszavak: | Budai Sándor, Sándorfalva, Néprajz népművész Sándorfalva, Néprajz népi mesterség asztalos Sándorfalva, Népi hangszer citera |
| Online Access: | http://dmarchiv.bibl.u-szeged.hu/84794 |
| LEADER | 00590nab a2200169 i 4500 | ||
|---|---|---|---|
| 001 | delm84794 | ||
| 005 | 20190426085355.0 | ||
| 008 | 190426s1975 hu o 0|| hun d | ||
| 040 | |a SZTE Délmagyarország Archívum |b hun | ||
| 041 | |a hun | ||
| 100 | 1 | |a Budai Sándor | |
| 245 | 1 | 0 | |a Öröm több húron |h [elektronikus dokumentum] / |c Budai Sándor |
| 260 | |c 1975-01-18 | ||
| 300 | |a 4 | ||
| 490 | 0 | |a Délmagyarország |v 65 No. 15 | |
| 695 | |a Budai Sándor, Sándorfalva, Néprajz népművész Sándorfalva, Néprajz népi mesterség asztalos Sándorfalva, Népi hangszer citera | ||
| 700 | 0 | 1 | |a Ónody Éva |e aut |